ইসলামে শ্রমিকের অধিকার / (Record no. 13114)
[ view plain ]
| 000 -LEADER | |
|---|---|
| fixed length control field | 00775nam a2200241 a 4500 |
| 001 - CONTROL NUMBER | |
| JCCL Control Number | 13114 |
| 003 - CONTROL NUMBER IDENTIFIER | |
| JCCL marc code | BD-JhCC |
| 005 - DATE AND TIME OF LATEST TRANSACTION | |
| control field | 20230711104604.0 |
| 008 - FIXED-LENGTH DATA ELEMENTS--GENERAL INFORMATION | |
| fixed length control field | 171022s2021 bg |||| ||a| 00| 0 ben d |
| 020 ## - INTERNATIONAL STANDARD BOOK NUMBER | |
| International Standard Book Number | 9789849547594 |
| 035 ## - SYSTEM CONTROL NUMBER | |
| system control number | (BD-JhCC)13114 |
| 040 ## - CATALOGING SOURCE | |
| Original cataloging agency | BD-JhCC |
| Modifying agency | BD-JhCC |
| 041 ## - LANGUAGE CODE | |
| Language code of Book | bengali |
| 082 ## - DEWEY DECIMAL CLASSIFICATION NUMBER | |
| Classification number | 340.59 |
| Author mark and Year | MAS 2021 |
| 100 ## - MAIN ENTRY--PERSONAL NAME | |
| Personal name | মাসঊদ,মাওলানা ফরীদ উদ্দিন |
| 245 ## - TITLE STATEMENT | |
| Title | ইসলামে শ্রমিকের অধিকার / |
| Statement of responsibility, etc | মাওলানা ফরীদ উদ্দিন মাসঊদ। |
| 260 ## - PUBLICATION, DISTRIBUTION, ETC. (IMPRINT) | |
| Place of publication, distribution, etc | ঢাকা : |
| Name of publisher, distributor, etc | লাইসিয়াম, |
| Date of publication, distribution, etc | 2021. |
| 300 ## - PHYSICAL DESCRIPTION | |
| Pagination | 128 p. : |
| Dimensions | 21 cm. |
| 650 ## - SUBJECT ADDED ENTRY--TOPICAL TERM | |
| Topical term or geographic name as entry element | Muslim Law |
| 650 ## - SUBJECT ADDED ENTRY--TOPICAL TERM | |
| Topical term or geographic name as entry element | Labor |
| 942 ## - ADDED ENTRY ELEMENTS (KOHA) | |
| Source of classification or shelving scheme | Dewey Decimal Classification |
| Koha item type | Books |
| Source of classification or shelving scheme | Damaged status | Not for loan | Home library | Current library | Shelving location | Date of accession | Cost, normal purchase price | Full call number | Barcode | Date last seen | Copy number | Method of acquisition | Koha item type | Currency |
|---|---|---|---|---|---|---|---|---|---|---|---|---|---|---|
| Dewey Decimal Classification | JCC Rouf Library | JCC Rouf Library | General Stacks | 06/14/2023 | 188.00 | 340.59 MAS 2021 | 17941 | 07/11/2023 | C-1 | Purchase | Books | BDT |